01658nam a2200265Ia 4500003000400000005001700004008004000021020001800061040001000079041001200089082001600101100002900117245002300146260002900169300001000198500044700208690003400655906001100689942001200700999001700712952011800729952017700847952018401024952018401208OSt20220409094248.0210210b1989 xxu||||| |||| 00| 0 eng d a0 14 012049 1 aALc  aenglish a820.33 THAG aTHAROOR (Shashi).928810 aGreat Indian novel aN DbPenguin Booksc1989 a423,x aIn Shashi Tharoor's satirical masterpiece, the story of the Mahabharata is retold as recent Indian history, and renowned political personalities begin to resemble characters from the Mahabharata-all of whom have a curious and ambiguous relationship with Draupadi Mokrasi (D. Mokrasi for short) . . . Brimming with incisive wit and as enjoyable a read as it is cerebrally stimulating, The Great Indian Novel brilliantly retells reality as myth aIndian English Fiction928811 a043019 2ddccBK c92349d92349 00102ddc40708ENGaALbALcSSSd2021-02-17g95.00l0o820.33 THAGp043019r2021-02-17 00:00:00w2021-02-17yBK 00102ddc40708ENGaALbALcSSSd2021-02-17eSapna Book House Pvt Ltd, K S Rao Road, Mangalore-575001g399.00l0o820.33 THAGp066610r2021-02-17 00:00:00w2021-02-17yBK 00102ddc40708ENGaALbALd2021-02-17eSapna Book House Pvt Ltd, K S Rao Road, Mangalore-575001g399.00l1o820.33 THAGp066609r2023-06-14 00:00:00s2021-12-07w2021-02-17yBK 00102ddc40708ENGaALbALd2021-02-17eSapna Book House Pvt Ltd, K S Rao Road, Mangalore-575001g399.00l1o820.33 THAGp066608r2026-01-02 12:30:20s2025-12-17w2021-02-17yBK